00329nam a2200121Ia 4500008004100000082002000041100001600061245003100077250000800108260006400116300001000180650001700190150201s2003 xx 000 0 und d a615.321bE2003S aSHARMA,V.N. aESSENTIALS OF PHARMACOLOGY a2ND bC.B.S PUBLISHERS & DISTRIBUTERSaDARYAGANJ(NEW DELHI)c2003 a1-485 aPHARMACOLOGY